Bhāshā aura bhāshikī / (Record no. 69038)

MARC details
000 -LEADER
fixed length control field 00698cam a22002411a 4500
001 - CONTROL NUMBER
control field sa 66003658
003 - CONTROL NUMBER IDENTIFIER
control field DLC
005 - DATE AND TIME OF LATEST TRANSACTION
control field 20260227112237.0
008 - FIXED-LENGTH DATA ELEMENTS--GENERAL INFORMATION
fixed length control field 890921s1964 ii a b 000 0 hino
010 ## - LIBRARY OF CONGRESS CONTROL NUMBER
LC control number sa 66003658
035 ## - SYSTEM CONTROL NUMBER
System control number (OCoLC)20376746
040 ## - CATALOGING SOURCE
Original cataloging agency DLC
Transcribing agency WaU
Modifying agency WU
-- DLC
042 ## - AUTHENTICATION CODE
Authentication code premarc
050 00 - LIBRARY OF CONGRESS CALL NUMBER
Classification number P121
Item number .D9
100 1# - MAIN ENTRY--PERSONAL NAME
Personal name Dvivedī, Devīśaṅkara,
Dates associated with a name 1937-
245 10 - TITLE STATEMENT
Title Bhāshā aura bhāshikī /
Statement of responsibility, etc. l̄ekhaka Devi Shanker Dwivedi.
250 ## - EDITION STATEMENT
Edition statement 1st ed.
260 ## - PUBLICATION, DISTRIBUTION, ETC.
Place of publication, distribution, etc. Āgar̄a :
Name of publisher, distributor, etc. Laksmīnārāyan Agrawala,
Date of publication, distribution, etc. [1964]
300 ## - PHYSICAL DESCRIPTION
Extent 3, 4, 188 p.
Other physical details ill.
Dimensions 22 cm.
500 ## - GENERAL NOTE
General note In Hindi.
504 ## - BIBLIOGRAPHY, ETC. NOTE
Bibliography, etc. note Includes bibliographical references.
650 #0 - SUBJECT ADDED ENTRY--TOPICAL TERM
Topical term or geographic name entry element Language and languages.

No items available.

Powered by Koha